书目信息 |
| 题名: |
地理标志经济效益
|
|
| 作者: | 张欣欣 著 | |
| 分册: | ||
| 出版信息: | 北京 中央编译出版社 2012.4 |
|
| 页数: | 164页 | |
| 开本: | 24cm | |
| 丛书名: | ||
| 单 册: | ||
| 中图分类: | D913.04 | |
| 科图分类: | ||
| 主题词: | 地理--标志--知识产权--研究 | |
| 电子资源: | ||
| ISBN: | 978-7-5117-1328-5 | |
| 000 | 01273nam0 2200265 45 | |
| 001 | 1356805921 | |
| 005 | 20130515092529.96 | |
| 010 | @a978-7-5117-1328-5@dCNY35.00 | |
| 100 | @a20130108d2012 em y0chiy0121 ea | |
| 101 | 0 | @achi |
| 102 | @aCN@b110000 | |
| 105 | @aak a 000yy | |
| 106 | @ar | |
| 200 | 1 | @a地理标志经济效益@ADi Li Biao Zhi Jing Ji Xiao Yi@e基于TRIPS框架下的研究@EJi Yu TRIPS Kuang Jia Xia De Yan Jiu@dResearch on the economic benefits of geographical indications@eunder TRIPS agreement@f张欣欣著@FZhang Xin Xin Zhu@zeng |
| 210 | @a北京@c中央编译出版社@d2012.4 | |
| 215 | @a164页@c图@d24cm | |
| 320 | @a有书目 (第157-162页) | |
| 330 | @a保护地理标志的最大意义是在于它对于一国或地区的经济发展的影响作用, 这也是本书研究的重点。我国加入WTO, 意味着接受TRIPS协定的保护规则, 因此本书不再探讨地理标志知识产权保护的合理性, 而是总结在TRIPS框架下地理标志的法律特征、保护主体、保护客体及保护规则。 | |
| 510 | 1 | @aResearch on the economic benefits of geographical indications@eunder TRIPS agreement@zeng |
| 517 | 1 | @a基于TRIPS框架下的研究@AJi Yu TRIPS Kuang Jia Xia De Yan Jiu |
| 606 | 0 | @a地理@x标志@x知识产权@x研究 |
| 690 | @aD913.04@v5 | |
| 701 | @a张欣欣@AZhang Xin Xin@4著 | |
| 801 | @aCN@bTANGWEI@c20130108 | |
| 905 | @b0829691-95@dD913.04@e461@f5 | |
| 地理标志经济效益:基于TRIPS框架下的研究=Research on the economic benefits of geographical indications:under TRIPS agreement/张欣欣著.-北京:中央编译出版社,2012.4 |
| 164页:图;24cm |
| ISBN 978-7-5117-1328-5:CNY35.00 |
| 保护地理标志的最大意义是在于它对于一国或地区的经济发展的影响作用, 这也是本书研究的重点。我国加入WTO, 意味着接受TRIPS协定的保护规则, 因此本书不再探讨地理标志知识产权保护的合理性, 而是总结在TRIPS框架下地理标志的法律特征、保护主体、保护客体及保护规则。 |
| ● |
| 相关链接 |
|
|
|
|
正题名:地理标志经济效益
索取号:D913.04/461
 
预约/预借
| 序号 | 登录号 | 条形码 | 馆藏地/架位号 | 状态 | 备注 |
| 1 | 0829691 | 208296912 | 第一样本阅览室/ [索取号:D913.04/461] | 在馆 | |
| 2 | 0829692 | 208296921 | 第一借阅区/ [索取号:D913.04/461] | 在馆 | |
| 3 | 0829693 | 208296930 | 第一借阅区/ [索取号:D913.04/461] | 在馆 | |
| 4 | 0829694 | 208296949 | 密集书库-资源管理系/ [索取号:D913.04/461] | 在馆 | |
| 5 | 0829695 | 208296958 | 第一借阅区/ [索取号:D913.04/461] | 在馆 |